000 00792nam a2200205 i 4500
001 17760
003 ES-MaACL
005 20240510202705.0
007 t|
008 010517s1899 sp ||||1| spa d
080 _a929 Cos-Gayón, Fernando
100 1 _aLinares Rivas, Aureliano.
_972354
245 1 0 _aNecrología del Excmo. Señor D. Fernando Cos-Gayón leída ante la Real Academia de Ciencias Morales y Políticas /
_cpor ... Aureliano Linares Rivas.
260 _aMadrid :
_b[s.n.],
_c1899 (
_fImprenta del Asilo de Huérfanos del S. C. de Jesús)
300 _a24 p. ;
_c26 cm.
600 1 7 _aCos-Gayón, Fernando,
_d1825-1898
_2embne
_940977
710 2 _aReal Academia de Ciencias Morales y Políticas (España)
_9222050
852 _aES-MaACL
_j2165-F-16
999 _c17760
_d17760